| 000 | 00635cab a2200241 4500 | ||
|---|---|---|---|
| 001 | ABS44935 | ||
| 008 | 090401t1991 xxu||||| |||| 00| 0 eng d | ||
| 035 | _a(Sirsi) u49950 | ||
| 041 | _aeng | ||
| 100 | _aSharpe, G.R. | ||
| 245 | _aFrom strength to strength | ||
| 260 | _c1991 | ||
| 350 | _a0 | ||
| 490 |
_aArchitect and Surveyor _v66 (7) August 1991, 12-14 (3) |
||
| 520 | _aTraces the history of the use of iron in building. | ||
| 650 | _aDESIGN | ||
| 650 | _aHISTORIC BUILDINGS | ||
| 650 | _aIRONWORK | ||
| 650 | _aSTRUCTURES | ||
| 690 | _aBUILT ENVIRONMENT-BUILDING MATERIALS | ||
| 942 | _n0 | ||
| 948 | _c04/03/1997 | ||
| 999 |
_c31255 _d31255 |
||